000 00227nam a2200097Ia 4500
001 711492
005 20250826162809.0
008 250824s9999 xx 000 0 und d
245 0 _aRÜYA
_cALEV ALATLI
260 _bEVEREST YAYINLARI
999 _c711492
_d711492